| 000 | 00429 a2200145 4500 | ||
|---|---|---|---|
| 999 |
_c6564 _d6564 |
||
| 020 | _a8188826332 | ||
| 050 | _aQR121PAR 2007 | ||
| 100 |
_aParihar Pradeep _eauthor |
||
| 245 |
_aDairy Microbiology : _cPradeep Parihar and Leena Parihar |
||
| 264 |
_aJodhpur: _bSarwati Purohit for Student Edition, _c2007 |
||
| 300 |
_a434p. _bill. |
||
| 500 | _aIncludes Index | ||
| 650 | _aMicrobiology | ||
| 942 |
_2lcc _cBK _eStudent ed _h121 _iPAR _kQR |
||